00809cam a22002538i 45000010009000000050017000090080041000260100017000670200042000840200026001260400023001520420008001750500023001830820018002061000026002242450147002502630009003973000014004064900046004206500019004666500024004856500023005096500023005322004208920230714134627.0170929s2018 flu 000 0 eng  a 2017038730 a9781472482709 (hardback : alk. paper) z9781315587363 (ebook) aDLCbengerdacDLC apcc00aHT166b.S6848 201800a307.1/2162231 aStevens, Nicholas J.,10aHuman factors in land use planning and urban design :bmethods, practical guidance and applications /cNicholas J. Stevens [and three others]. a1712 apages cm.0 aHuman factors and socio-technical systems 0aCity planning. 0aLand usexPlanning. 0aRegional planning. 0aHuman engineering.